Представление документа в формате MARC21

Поле Инд. ПП Название Значение
Тип записи a
Библиографический уровень b
001 Контрольный номер RU/IS/BASE/253723409
005 Дата корректировки 20220715140340.1
008 Кодируемые данные 20080115
040 b Код языка каталог. rus
e Правила каталог. PSBO
041 0_ a Код языка текста rus
084 a Индекс другой классификации/Индекс ББК 65.013.8; 65.050.11; 65.7
100 1_ a Автор Сафронов А. П.
q Полное имя Сафронов Анатолий Петрович
245 10 a Заглавие Национализация, индустриализация и экспансия государственного капитализма в переходных обществах
504 a Библиография Библиогр. ссылки. - Примеч.
650 a Основная рубрика политика
a Основная рубрика развивающиеся страны
a Основная рубрика управление экономикой
a Основная рубрика экономика
a Основная рубрика экономическая теория
653 1_ a Ключевые слова Аргентина
a Ключевые слова Бразилия
a Ключевые слова бюрократическая буржуазия
a Ключевые слова Венесуэла
a Ключевые слова государственное регулирование
a Ключевые слова государственный капитализм
a Ключевые слова Египет
a Ключевые слова Индонезия
a Ключевые слова капитализм
a Ключевые слова Ливия
a Ключевые слова национализация
a Ключевые слова переходная экономика
a Ключевые слова переходное общество
a Ключевые слова политическая экономия
a Ключевые слова экономическая политика
a Ключевые слова экономические реформы
773 0_ t Заглавие источника Вестник Московского университета. Серия 18, Социология и политология
d Дата издания источника 2007
g Прочая информация № 2. - С. 56 - 71
w Контрольный № источника RU/IS/BASE/242834490
901 t Тип документа b